000 00663nam a2200289Ia 4500
005 20260324123639.0
008 008 260324s9999 xx 000 0 eng d
020 _a9780429478581
037 _aEBOOK
040 _aCRL
040 _beng
040 _cCRL
041 _2eng
041 _aeng
084 _qCRL
100 _aFred M. Levin
_91171110
245 0 _aPsyche and Brain
245 4 _bThe Biology of Talking Cures
260 _bTaylor and Francis
260 _c2011
365 _a
365 _b180
856 _uhttp://www.taylorfrancis.com/books/9780429478581
942 _cEBOOK
999 _c1764815
_d1764815